000 00385nam a2200181Ia 4500
008 240510s9999 xx 000 0 und d
041 _aEng
082 _a051
082 _bS18
100 _aSAWYER, W.W.
245 0 _aMathematician's delight
260 _bMiddlesek , Penguin
260 _c1943
300 _a238 p.
650 _aMathematics
942 _2ddc
942 _cLBK
999 _c23439
_d23439
945 _a1
_bMadushi Gamage
_c1
_dMadushi Gamage